[Event "Robecchetto op-B 20th"]
[Site "Robecchetto"]
[Date "2009.12.30"]
[Round "6"]
[White "Torretta, Gilberto"]
[Black "Astanovskaya, Yulia"]
[Result "0-1"]
[WhiteElo "1683"]
[BlackElo "1951"]
[PlyCount "34"]
[EventDate "2009.12.27"]
[EventType "swiss"]
[EventRounds "6"]
[EventCountry "ITA"]
[SourceTitle "EXT 2023"]
[Source "ChessBase"]
[SourceDate "2022.10.05"]
[SourceVersion "1"]
[SourceVersionDate "2022.10.05"]
[SourceQuality "1"]

1. e4 d5 2. exd5 Nf6 3. d4 Nxd5 4. c4 Nb6 5. Nc3 g6 6. Be3 Bg7 7. g3 0-0 8. b3 c5 9. Nge2 Bg4 10. h3 Bf3 11. Rg1 Nc6 12. Qc2 cxd4 13. Rd1 e5 14. Bc1 Nb4 15. Qb2 d3 16. Bg2 Qf6 17. Bg5 Qxg5 0-1

[Event "Robecchetto op-B 20th"]
[Site "Robecchetto"]
[Date "2009.12.28"]
[Round "3"]
[White "Salerno, Christian1111"]
[Black "Torretta, Gilberto"]
[Result "0-1"]
[WhiteElo "2153"]
[BlackElo "1683"]
[PlyCount "90"]
[EventDate "2009.12.27"]
[EventType "swiss"]
[EventRounds "6"]
[EventCountry "ITA"]
[SourceTitle "EXT 2023"]
[Source "ChessBase"]
[SourceDate "2022.10.05"]
[SourceVersion "1"]
[SourceVersionDate "2022.10.05"]
[SourceQuality "1"]

1. d4 Nf6 2. Nf3 g6 3. Nbd2 Bg7 4. e4 d6 5. Bd3 0-0 6. 0-0 c6 7. c3 b5 8. a4 Bd7 9. Re1 Qc7 10. Qe2 bxa4 11. Rxa4 c5 12. Ra3 d5 13. Ne5 c4 14. Bc2 e6 15. Ndf3 a5 16. Nxd7 Nfxd7 17. e5 Nc6 18. h4 f6 19. exf6 Nxf6 20. Qxe6+ Kh8 21. Qe2 Ng4 22. Qe6 Nf6 23. Qe2 Rae8 24. Ne5 Nh5 25. Bxg6 hxg6 26. Nxg6+ Kg8 27. Qxe8 Rxe8 28. Rxe8+ Kf7 29. Re3 Kxg6 30. g4 Nf6 31. h5+ Kh7 32. Rg3 Ne4 33. Rf3 Bh6 34. Bxh6 Kxh6 35. b4 axb4 36. Ra8 bxc3 37. Rh8+ Qh7 38. g5+ Nxg5 39. Rf6+ Kg7 40. Rhf8 Qb1+ 41. Kh2 Qh7 42. f4 Qxh5+ 43. Kg1 Qg4+ 44. Kh1 Qh3+ 45. Kg1 Nf3+ 0-1

[Event "Robecchetto op-B 20th"]
[Site "Robecchetto"]
[Date "2009.12.27"]
[Round "1"]
[White "Torretta, Gilberto"]
[Black "Foroni, Francesco"]
[Result "0-1"]
[WhiteElo "1683"]
[BlackElo "1911"]
[PlyCount "40"]
[EventDate "2009.12.27"]
[EventType "swiss"]
[EventRounds "6"]
[EventCountry "ITA"]
[SourceTitle "EXT 2023"]
[Source "ChessBase"]
[SourceDate "2022.10.05"]
[SourceVersion "1"]
[SourceVersionDate "2022.10.05"]
[SourceQuality "1"]

1. e4 Nc6 2. d4 d5 3. e5 Bf5 4. c3 e6 5. Nf3 f6 6. Bf4 fxe5 7. Nxe5 Nxe5 8. Bxe5 Nf6 9. Nd2 Bd6 10. Nf3 0-0 11. Bd3 Ne4 12. Bxd6 Qxd6 13. Ne5 Nxf2 14. Kxf2 Bxd3+ 15. Ke3 Bc4 16. Qg4 Rf5 17. h4 Raf8 18. h5 Rxe5+ 19. dxe5 Qxe5+ 20. Kd2 Rf2+ 0-1

[Event "Wasselonne op"]
[Site "Wasselonne"]
[Date "2009.08.08"]
[Round "4"]
[White "Beisser, Bruno"]
[Black "Torretta, Gilberto"]
[Result "1-0"]
[WhiteElo "1860"]
[BlackElo "1680"]
[PlyCount "85"]
[EventDate "2009.08.06"]
[EventType "swiss"]
[EventRounds "7"]
[EventCountry "FRA"]
[SourceTitle "EXT 2011"]
[Source "ChessBase"]
[SourceDate "2010.11.26"]
[SourceVersion "1"]
[SourceVersionDate "2010.11.26"]
[SourceQuality "1"]

1. d4 Nf6 2. c4 g6 3. Nc3 Bg7 4. e4 d6 5. Be2 0-0 6. Bg5 h6 7. Bf4 Nbd7 8. Qd2 Kh7 9. Nf3 c5 10. d5 Nh5 11. Be3 b6 12. Rc1 Ba6 13. h3 Qe8 14. 0-0 e5 15. dxe6 Qxe6 16. Nd5 Rac8 17. Bd3 Ne5 18. Nxe5 dxe5 19. Qc2 Bb7 20. Qa4 a6 21. Qb3 f5 22. Nxb6 Rb8 23. exf5 gxf5 24. Bxc5 Qg6 25. g4 e4 26. Bxf8 fxg4 27. h4 Nf4 28. Bb1 Nh3+ 29. Kh1 Be5 30. Qe3 Rxf8 31. Nd5 Ng5 32. Kg2 Rf3 33. Qa7 Qf7 34. hxg5 Rh3 35. Bxe4+ Kg7 36. gxh6+ Kxh6 37. Qb6+ Kg7 38. Rh1 Rh2+ 39. Rxh2 Bxh2 40. Qd4+ Kg8 41. Nf6+ Kf8 42. Nd7+ Kg8 43. Bxb7 1-0

[Event "Wasselonne op"]
[Site "Wasselonne"]
[Date "2009.08.08"]
[Round "5"]
[White "Pontier, Armand"]
[Black "Torretta, Gilberto"]
[Result "1-0"]
[WhiteElo "1890"]
[BlackElo "1680"]
[PlyCount "125"]
[EventDate "2009.08.06"]
[EventType "swiss"]
[EventRounds "7"]
[EventCountry "FRA"]
[SourceTitle "EXT 2011"]
[Source "ChessBase"]
[SourceDate "2010.11.26"]
[SourceVersion "1"]
[SourceVersionDate "2010.11.26"]
[SourceQuality "1"]

1. e4 e5 2. Nf3 Nc6 3. Bc4 Nf6 4. Ng5 d5 5. exd5 b5 6. Bxb5 Qxd5 7. Nc3 Qxg2 8. Qf3 Qxf3 9. Nxf3 Bd7 10. d3 h6 11. Rg1 Nb4 12. Kd2 a6 13. Bxd7+ Nxd7 14. a3 Nc6 15. Nd5 0-0-0 16. b4 Nc5 17. Nc3 Ne6 18. Bb2 f5 19. Rae1 e4 20. Kc1 Ned4 21. Nxd4 Nxd4 22. Re3 Bd6 23. Ne2 f4 24. Rxe4 Nxe2+ 25. Rxe2 f3 26. Re4 Bxh2 27. Rxg7 Rhg8 28. Rxg8 Rxg8 29. Kd2 Rf8 30. Bd4 Bf4+ 31. Be3 Bg5 32. Rg4 Re8 33. Re4 Rf8 34. Bxg5 hxg5 35. Ke3 Rf5 36. d4 Kb7 37. Rg4 a5 38. Rg3 axb4 39. axb4 Kc6 40. Rxf3 Rd5 41. c4 Rd7 42. Rf6+ Kb7 43. Rg6 Re7+ 44. Kd3 Rf7 45. Rxg5 Rxf2 46. Rb5+ Kc8 47. d5 Rf6 48. c5 Kd7 49. Ra5 Rf3+ 50. Kc4 Rf4+ 51. Kb5 Rf5 52. c6+ Kd6 53. Ka6 Re5 54. Kb7 Re7 55. Ra8 Kxd5 56. Rd8+ Kc4 57. Rd7 Re5 58. Kxc7 Kxb4 59. Kd8 Rh5 60. Re7 Rd5+ 61. Kc8 Kc5 62. c7 Kb6 63. Kb8 1-0

[Event "Vanzaghello op 5th"]
[Site "Vanzaghello"]
[Date "2009.05.09"]
[Round "3"]
[White "Torretta, Gilberto"]
[Black "Caccianiga, Andrea"]
[Result "0-1"]
[WhiteElo "1693"]
[BlackElo "1511"]
[PlyCount "70"]
[EventDate "2009.05.08"]
[EventType "swiss"]
[EventRounds "5"]
[EventCountry "ITA"]
[SourceTitle "EXT 2011"]
[Source "ChessBase"]
[SourceDate "2010.11.26"]
[SourceVersion "1"]
[SourceVersionDate "2010.11.26"]
[SourceQuality "1"]

1. e4 e5 2. f4 exf4 3. Nf3 g5 4. h4 Be7 5. d4 g4 6. Ne5 Bxh4+ 7. Ke2 d6 8. Bxf4 dxe5 9. Bxe5 Bf6 10. Rh5 Nc6 11. Nc3 Nxd4+ 12. Qxd4 Qxd4 13. Bxd4 Bxd4 14. Nd5 Nf6 15. Nxc7+ Kf8 16. Rh6 Rb8 17. Rd1 Bxb2 18. Ke3 Kg7 19. Rh1 Be5 20. Nd5 Be6 21. c4 h5 22. c5 Rbd8 23. Bc4 h4 24. Nxf6 Rxd1 25. Rxd1 Kxf6 26. Bd5 Rd8 27. a4 h3 28. Rf1+ Ke7 29. gxh3 gxh3 30. Bxb7 Bd4+ 31. Kf3 Bxc5 32. Kf4 Bd6+ 33. e5 Bc5 34. Rc1 Bb6 35. Rb1 Bd5 0-1

[Event "Vanzaghello op 5th"]
[Site "Vanzaghello"]
[Date "2009.05.08"]
[Round "1"]
[White "Quagliarella, Sabino Remo"]
[Black "Torretta, Gilberto"]
[Result "1-0"]
[WhiteElo "1911"]
[BlackElo "1693"]
[PlyCount "69"]
[EventDate "2009.05.08"]
[EventType "swiss"]
[EventRounds "5"]
[EventCountry "ITA"]
[SourceTitle "EXT 2011"]
[Source "ChessBase"]
[SourceDate "2010.11.26"]
[SourceVersion "1"]
[SourceVersionDate "2010.11.26"]
[SourceQuality "1"]

1. d4 Nf6 2. Nf3 g6 3. Bf4 Bg7 4. e3 c6 5. c3 d5 6. Be2 Qb6 7. Qb3 0-0 8. Nbd2 Nbd7 9. 0-0 e6 10. Ne5 Nh5 11. Nxd7 Bxd7 12. Bxh5 Qxb3 13. axb3 gxh5 14. Ra2 f6 15. Nf3 Rfe8 16. Bd6 b6 17. Rfa1 a5 18. b4 Bf8 19. Bc7 Ra6 20. bxa5 b5 21. b4 Bg7 22. Ne1 e5 23. Nd3 Raa8 24. Nc5 Bc8 25. a6 Re7 26. Bb6 e4 27. Nb3 Re6 28. a7 Re7 29. Bc5 Rd7 30. Na5 Bf8 31. Nxc6 Bxc5 32. bxc5 Rc7 33. Nb4 Bd7 34. Ra6 Kf7 35. Nxd5 1-0